| 000 | 01939nam a2200349 i 4500 | ||
|---|---|---|---|
| 003 | DO-SdBNP | ||
| 005 | 20250621074010.0 | ||
| 007 | ta | ||
| 008 | 250422b2008 dr ac||| |||| 00| 0 spa d | ||
| 020 | _a9789945161878 | ||
| 040 |
_aDO-SdBNP _bspa _cBNPHU _erda |
||
| 082 | 4 |
_a923.2 _bL193h _222 |
|
| 100 | 1 |
_aHamlet, Hermann, _d1934-2016 _eautor _4aut. _936649 |
|
| 245 | 1 | 3 |
_aEl fiero : _bEberto Lalane José / _cHamlet Hermann ; prólogo, Federico Lalane José. |
| 264 |
_aSanto Domingo : _bBúho, _c2008. |
||
| 300 |
_a354 páginas : _bilustraciones, retratos ; _c27 cm. |
||
| 336 |
_atexto _btxt _2rdacontent |
||
| 337 |
_asin mediación _bn _2rdamedia |
||
| 338 |
_avolumen _bnc _2rdacarrier |
||
| 500 | _aIncluye referencias bibliográficas y notas al pie de las páginas | ||
| 504 | _aBibliografía : páginas 345-347 | ||
| 505 | 0 |
_aPrólogo -- _tIntroducción-- _tAgradecimientos-- _t1963: Pascuas Sangrientas-- _t1964: Comienza una nueva vida-- _t1967: El primer encuentro-- _t1968: Los tropezones no hicieron levantar los pies-- _t1968: Entrevista con José Francisco Peña Gómez-- _t1968: Estructura vertical vs. base horizontal-- _t1969: Relato de un viaje clandestino a Santo Domingo -- _t1969: De nuevo, empezar desde cero-- _t1969: El amor aflora-- _t1969: La maldición de Sísifo -- _t1971: De frustración en frustración-- _t1973: Repatriación-- _t1973: La guerrilla actual-- _tAnexo: 1,2,3,4,5,6,7-- _tBibliografía-- _tÍndice onomástico. |
|
| 590 | _aInventariado, 2025/BT | ||
| 600 | 1 | 4 |
_aLalane José, Eberto Geordano, _d1945-1973 _913106 |
| 600 | 1 | 4 |
_aCaamaño Deñó, Francisco Alberto, _d1932-1973 _910026 |
| 651 | 0 |
_aRepública Dominicana _xPolítica y gobierno _945 |
|
| 651 | 4 |
_aRepública Dominicana _xHistoria _9170 |
|
| 651 | 4 |
_aRepública Dominicana _yRevolución, 1965 _913107 |
|
| 700 | 1 |
_aLalane José, Federico, _eprologuista _913108 _4pr. |
|
| 910 | _aBtavárez /Validado. Control de calidad MFF | ||
| 942 |
_2ddc _cLBS1 |
||
| 999 |
_c58751 _d58751 |
||